Visualizzazione normale
Vista MARC
- Nisa (Salerno Nicola)
di Personal Name
Records bibliografici associati: 1
001 - CONTROL NUMBER
- control field: 3270
003 - CONTROL NUMBER IDENTIFIER
- control field: IT-RoPau
005 - DATE AND TIME OF LATEST TRANSACTION
- control field: 20131124112244.0
008 - FIXED-LENGTH DATA ELEMENTS
- fixed length control field: 131124|| aca||aabn | a|a d
040 ## - CATALOGING SOURCE
- Original cataloging agency: IT-RoPau
- Transcribing agency: IT-RoPau
100 ## - HEADING--PERSONAL NAME
- Personal name: Nisa (Salerno Nicola)
- Miscellaneous information: Codice autore musica SPICS: 13452
- Relator term: Autore musica
- Name of part/section of a work: Santa
670 ## - SOURCE DATA FOUND
- Source citation: Work cat.: (IT-RoPau)99851: AA.VV. 794, Alberto Rabagliati (disco)